000 00335nam a22001457a 4500
008 221003b ||||| |||| 00| 0 eng d
020 _a9781565336025
041 _aeng
080 _2edition 7.0
_a612.39
082 _2612.39
100 _a16.2
101 _aNUT
245 _aContent mastery nutrition
_cHOLMAN H
942 _2udc
_cBK
999 _c58325
_d58325